Organizace a řízení výroby /

Na minha lista:
Detalhes bibliográficos
Autor principal: Líbal, Vladimír (xxx)
Formato: Livro
Idioma:tcheco
Publicado em: Praha : SNTL, 1974
Edição:2.nezm.vyd.
Assuntos:
Tags: Adicionar Tag
Sem tags, seja o primeiro a adicionar uma tag!

MARC

LEADER 00000nam a22000003a 4500
001 stu40201
005 20150617225722.6
008 930406s1974----cs------------------cze-d
040 |a STU  |b slo 
041 0 |a cze 
044 |a cs 
080 |a 658.5(075.8) 
100 1 |a Líbal, Vladimír  |4 xxx 
245 1 |a Organizace a řízení výroby /  |c Vladimír Líbal a kol 
250 |a 2.nezm.vyd. 
260 |a Praha :  |b SNTL,  |c 1974 
300 |a 488 s 
650 7 |a výroba  |2 stusub 
650 7 |a organizácia a riadenie  |2 stusub 
650 7 |a riadenie  |2 stusub 
650 7 |a organizácia  |2 stusub 
996 |b 284M012635  |c M*5820-1  |l MMKN  |s A  |a 24  |w stu40201_0001